000 00624nam a2200193 i 4500
001 23097
003 ES-MaACL
005 20230906152821.0
007 t|
008 021209s1961 sp ||||1| spa d
100 1 _aAlvarez, Baltasar.
_920618
245 1 0 _aEscritos espirituales /
_cBaltasar Alvarez ; introducción biográfica y edición por Camilo Mª Abad y Faustino Boado.
260 _aBarcelona :
_bFlors,
_c1961.
300 _a740 p. ;
_c18 cm.
700 1 _aAbad, Camilo María,
_d1878-1969
_9226437
700 1 _aBoado, Faustino.
_929624
852 _aES-MaACL
_jF-252
_bR.47998
999 _c23097
_d23097